000 00946nam a2200241Ia 4500
001 16480
003 GE_BSU
008 181216s||||||||xx |||||||||||||| ||und||
020 _a978-9941-9189-3-3
040 _cGE_BSU
080 _a37.016(072):003
100 _aღამაბშიძე, ნინო
245 _aკითხვის სწავლების ტექნიკები და სტრატეგიები
250 _aამერიკული აკად. თბილისში, განათლ. განვითარებისა და კვლევის ცენტრი]
260 _aთბილისი
260 _bარტლაინსი
260 _c2011
300 _a100გვ;ილ,25სმ
541 _h14ლ.
653 _aკითხვის სწავლების მეთოდიკა;
653 _aპედაგოგიკა
942 _cBK
999 _c49549
_d49549